000 00466nam a2200181Ia 4500
003 GCL
008 140319s9999 xx 000 0 ara d
040 _aGCL /
_cGCL
082 0 4 _a813.01
_bس ج
100 1 _aسيد جاد
245 1 0 _aالجدار: قصص قصيرة /
_cسيد جاد
300 _a172 ص
490 _a
650 0 4 _aالادب العربى
650 0 4 _aالقصص العربية
650 0 4 _aالقصص القصيرة
942 _2ddc
_cBK
999 _c38347
_d38347